000 00616nam a2200181Ia 4500
008 090630s9999 xx 000 0 und d
082 _b5647
100 _aहसमनीस द. का.
245 _aराणीन डाव जिंकला.
_cहसमनीस द. का.
260 _bस्मिता.
_c1981
300 _a178
600 _aहसमनीस द. का.
630 _aराणीन डाव जिंकला.
655 _aकादंबरी.
700 _aहसमनीस द. का.
730 _aराणीन डाव जिंकला.
942 _cBOOK
999 _c257503
_d257503